| 000 | 00359 a2200109 4500 | ||
|---|---|---|---|
| 001 | ART_22269 | ||
| 005 | 20260410161851.0 | ||
| 008 | 260409a | ||
| 245 | 1 | 0 | _aLa ley de los sin ley |
| 100 | 1 | _aSlokar, Alejandro | |
| 773 | 0 |
_tDerecho Penal _gDeterminación judicial de la pena. Ejecución de la pena - Año II, Nº 6 (dic. 2013) _wREV10351 |
|
| 999 |
_c25038 _d25038 |
||